| 000 | 01177cam a2200277 a 4500 | ||
|---|---|---|---|
| 005 | 20131127065554.0 | ||
| 008 | 910312s1990 au a b 000 0 ger | ||
| 020 | _a3214069950 | ||
| 041 | 0 | _ager | |
| 050 | _b. | ||
| 080 | _a332.26.025.88 | ||
| 100 | _aHofreither, Schneider | ||
| 245 | 0 | 0 |
_aPrivatisierung und Deregulierung öffentlicher Unternehmen in westeuropäischen Ländern : _cHerausgeber, Friedrich Schneider, Markus F. Hofreither ; mit Beiträgen von Rainer Bartel ... [et.al.] |
| 260 |
_aWien : _bManz, _c1990. |
||
| 300 |
_a207 f . : _bme ill. ; _c23 cm. |
||
| 440 | 0 |
_aSchriftenreihe des Ludwig Boltzmann-Instituts für Ökonomische Analysen Wirtschaftspolitischer Aktivitäten ; _vBd. 6 |
|
| 490 |
_aSchriftenreihe des Ludwig Boltzmann-Instituts für Ökonomische Analysen Wirtschaftspolitischer Aktivitäten ; _vVëllimi 6 |
||
| 504 | _aLiteraturverzeichnis : f. [187]-191 | ||
| 650 | 0 |
_aPrivatizimi _zEuropa |
|
| 650 | 0 |
_aLiberalizimi _zEuropa |
|
| 650 | 0 |
_aPolitika Industriale _zEuropa |
|
| 700 | 1 | _aSchneider, Friedrich. | |
| 700 | 1 | _aHofreither, Markus Franz. | |
| 700 | 1 |
_aBartel, Rainer, _d1957- |
|
| 942 |
_2udc _cBK |
||
| 999 |
_c366 _d366 |
||